La curva di San Floreano /

সংরক্ষণ করুন:
গ্রন্থ-পঞ্জীর বিবরন
প্রধান লেখক: Naldini, Nico (লেখক)
বিন্যাস: গ্রন্থ
ভাষা:ইতালিয়
ফ্রিউলিয়ান
প্রকাশিত: Torino : G. Einaudi, 1988
মালা:Collezione di poesia ; 203
ট্যাগগুলো: ট্যাগ যুক্ত করুন
কোনো ট্যাগ নেই, প্রথমজন হিসাবে ট্যাগ করুন!

MARC

LEADER 00000nam a2200000 i 4500
001 IT\ICCU\CFI\0130365
003 ItRI
005 20260115231852.0
008 900904s1988 it |||||| ||||| |||||c
015 |2 IT  |a 90-8158 
020 |a 8806114026 
040 |b ita  |c importazione bologna sebina 
041 7 |a ita  |a fur  |2 ISO-639-2 
082 |a 851.914  |9 POESIA ITALIANA. 1945-  |2 19 
100 1 |a Naldini, Nico  |0 IT\ICCU\CFIV\022524  |4 aut 
245 1 3 |a La curva di San Floreano /  |c Nico Naldini. 
260 |a Torino :  |b G. Einaudi,  |c 1988 
300 |a 125 p. ;  |c 19 cm 
790 1 |a Naldini, Domenico,  |d  (1929-2020)  |3 IT\ICCU\AUFV\001378  |z Naldini, Nico 
830 0 |a Collezione di poesia ;  |v 203  |0 IT\ICCU\CFI\0001372 
942 |2 ddc  |c BK  |n 0 
952 |0 0  |1 0  |4 0  |6 DOC_851_914000000000000_NAL  |7 0  |9 14752  |a BO  |b BO  |d 2026-01-15  |i 1787  |l 0  |o DOC 851.914 NAL  |p BO1787  |r 2026-01-15 23:18:52  |w 2026-01-15  |x [Sebina 5] [1 v.]  |y BK  |z 1 v. 
999 |c 12715  |d 12715